000 01056cam a2200229 4500
001 ABS65526
008 020527n2002 000 0 eng u
035 _a(Sirsi) u118147
100 _aBirkby, G
245 4 _aThe ASP with a sting in its tail
260 _c2002
490 _aBuilding
_v167(8233) 10 May 2002, 50-51(2)
520 _aDiscusses the increased use of project extranets, closed networks with access limited to project team members which can be used to transmit documents. Although this has advantages such as keeping all the team updated, there are several risks. The main ones are the system crashing and the application service provider (ASP) becoming insolvent. Outlines what can be done to ensure the project is not incapacitated by such difficulties.
590 _aABS
650 _aMANAGEMENT-PROJECT MANAGEMENT
650 _aPROJECT TEAMS
650 _aPROJECT EXTRANETS
650 _aAPPLICATION SERVICE PROVIDERS
690 _aMANAGEMENT-BUSINESS MANAGEMENT-INFORMATION MANAGEMENT
700 _aNugent, J
942 _n0
999 _c70357
_d70357